| 000 | 01410pam a2200361 a 4500 | ||
|---|---|---|---|
| 999 |
_c5718 _d5718 |
||
| 001 | 5718 | ||
| 003 | BD-JhCC | ||
| 005 | 20171220122033.0 | ||
| 008 | 950227s1995 nyua b 001 0 eng | ||
| 020 | _a0070266913 (acidfree paper) | ||
| 035 | _a(BD-JhCC)5718 | ||
| 040 |
_aDLC _cDLC _dDLC _dBD-JhCC |
||
| 041 | _aeng | ||
| 050 | 0 | 0 |
_aTK7874 _b.H912 1995 |
| 082 | 0 | 0 |
_a621.381 _220 _bHYB 1995 |
| 245 | 0 | 0 |
_aHybrid microelectronics handbook / _c[edited by] Jerry E. Sergent, Charles A. Harper. |
| 250 | _a2nd ed. | ||
| 260 |
_aNew York : _bMcGraw-Hill, _cc1995. |
||
| 300 |
_a1 v. (various pagings) : _bill. ; _c25 cm. |
||
| 440 | 0 | _aElectronic packaging and interconnection series | |
| 500 | _a2nd ed. of Handbook of thick film hybrid microelectronics / Charles A. Harper. | ||
| 500 | _a"International Society for Hybrid Microelectronics"--Cover. | ||
| 504 | _aIncludes bibiographical references and index. | ||
| 650 | 0 |
_aMicroelectronics _xHandbooks, manuals, etc. |
|
| 650 | 0 |
_aHybrid integrated circuits _xDesign and construction _xHandbooks, manuals, etc. |
|
| 700 | 1 | _aSergent, Jerry E. | |
| 700 | 1 | _aHarper, Charles A. | |
| 700 | 1 |
_aHarper, Charles A. _tHandbook of thick film hybrid microelectronics. |
|
| 710 | 2 | _aInternational Society for Hybrid Microelectronics. | |
| 856 | 4 | 1 |
_3Table of contents _uhttp://www.loc.gov/catdir/toc/mh022/95010061.html |
| 942 |
_2ddc _cBK |
||